000 00806nam a2200229 a 4500
001 000034319
003 OSt
005 20250307073710.0
008 111003s1929 dr r 000 0 spa d
040 _aDO-SdBNP
_bspa
_cBNPHU
082 4 _a465
_bH519L
100 1 _aHenríquez Ureña, Pedro,
_d1884-1946
_91718
245 1 3 _aEl libro del idioma :
_blectura, gramática, composición, vocabulario /
_cPedro Henríquez Ureña, Narciso Binayan.
260 _aBuenos Aires, Argentina :
_bKapelusz y cía.,
_c1929.
300 _a294 p. ;
_c11 cm.
590 _aInventariado, 2019 / DG
650 4 _aEspañol
_xComposición y ejercícios
_91133
650 4 _aEspañol
_xComposición y ejercícios
_91362
700 1 _aBinayan, Narciso
_959748
910 _aValidado. Control de calidad MFF
942 _2ddc
_cLBS1
999 _c33810
_d33810